PRÍSPEVOK K PROBLEMATIKE PRESNOSTI ZÁKLADNÝCH LESNÍCKYCH MÁP

Bibliographic Details
Main Author: Hricko, Branislav (Author)
Format: Article
Language:Slovak

MARC

LEADER 00000nab a2200000 a 4500
001 vtls011132985
003 SK-MaSNL
005 20260303151056.0
008 230222|2001 xo |||||||||||||||||slo|
015 |a SNBRB 
035 |a (uuid)f9a513e2-151c-42a2-93d0-5a71ee579c19 
035 |a (urnnbn)urn:nbn:sk:snk:ar-a09n4v 
035 |a urn:nbn:sk:snk-abaapu 
040 |a SNKBUCL  |b slo  |c SNKBUCL  |e AACR2 
041 0 |a slo 
044 |a xo  |c SK 
100 1 |a Hricko, Branislav  |4 aut  |9 753417 
245 1 0 |a PRÍSPEVOK K PROBLEMATIKE PRESNOSTI ZÁKLADNÝCH LESNÍCKYCH MÁP  |c Branislav Hricko 
773 0 |t Acta Facultatis Forestalis Zvolen Czechoslovakia  |g Roč. 43, č. 43 (2001), s. 97-106 
954 |a odborná, vedecká literatúra pôvodná (slovenská)  |2 lita 
958 |a OND 
958 |a EUIPO 
958 |a article13 
999 |c 2015752  |d 2017682